ملامح الشورى في الدعوة الإسلامية / (رقم التسجيلة. 2837)

تفاصيل مارك
000 -الفاتح
عناصر البيانات ثابتة الطول 00615cam a2200181 i 4500
005 - تاريخ ووقت آخر معاملة
حقل ضبط 20251215114939.0
008 - عناصر البيانات ثابتة الطول
عناصر البيانات ثابتة الطول 250721s1984 su gr 000 0 ara d
082 14 - رقم تصنيف ديوي العشري
رقم التصنيف 216,9
رقم المادة ع د ن
100 1# - مدخل رئيسي – اسم شخصي
الاسم الشخصي النحوي، عدنان علي رضا
علاقة الشخص بالعمل/ دوره مؤلف.
245 10 - بيان العنوان
العنوان ملامح الشورى في الدعوة الإسلامية /
بيان المسؤولية تاليف عدنان علي رضا النحوي.
250 ## - بيان الطبعة
بيان الطبعة الطبعة الثانية.
264 31 - بيانات النشر، التوزيع…إلخ
مكان النشر، التوزيع...إلخ الرياض :
تاريخ النشر، التوزيع...إلخ 1984.
300 ## - الوصف المادي
عدد الوحدات المكونة للوعاء 703صفحة.
650 17 - مدخل إضافي بالموضوع - مصطلح موضوعي
مصطلح موضوعي أو اسم جغرافي كعنصر مدخل الأحكام السلطانية.
650 17 - مدخل إضافي بالموضوع - مصطلح موضوعي
مصطلح موضوعي أو اسم جغرافي كعنصر مدخل الشورى.
942 ## - بيانات إضافية (كوها)
نوع التنصيف Dewey Decimal Classification
نوع المادة (كوها) كتب
المقتنيات
حالة السحب حالة الفقدان مصدر التصنيف حالة التلف غير قابل للإعارة المكتبة الرئيسية المكتبة الحالية موقع الرف تاريخ التزويد الرقم المتسلسل Total Checkouts رقم الإستدعاء الباركود تاريخ آخر ظهور تاريخ الفاتورة نوع المادة (كوها)
    Dewey Decimal Classification     المكتبة المركزية المكتبة المركزية الإعارة 06/07/2004 110604   216,9/ ع د ن 110604 28/07/2025 06/07/2004 كتب
Implemented & Customized by: BBB with SCIT (Smart Chains for Information Technology)

Powered by Koha